| 000 | 00675nam a2200193 i 4500 | ||
|---|---|---|---|
| 001 | 134313 | ||
| 003 | ES-MaACL | ||
| 005 | 20230906194640.0 | ||
| 007 | t| | ||
| 008 | 070907s1915 fr ||||1| spa d | ||
| 100 | 1 |
_aWhite, J. William ( _qJames William) ( _d1850-1916) _9116666 |
|
| 245 | 1 | 0 |
_aAlemania delatada por América / _cpor J. William White. |
| 260 |
_aParis, etc. : _bThomas Nelson & Sons, _c[1915?] |
||
| 300 |
_a80 p. ; _c25 cm. |
||
| 500 | _a"Traducido y publicado con el permiso del autor y de la Compañía John C. Winston, de Nueva York" | ||
| 650 | 1 | 4 |
_aGuerra mundial, 1914-1918. _913212 |
| 852 |
_aES-MaACL _jT-1473-F-2 |
||
| 852 |
_aES-MaACL _j1574-F-1 |
||
| 999 |
_c134313 _d134313 |
||